Die größte Stadt in jedem US-Bundesstaat - Statistiken

Allgemein
  • Dieses Quiz wurde 518 mal gespielt
    349 seit der letzten Aktualisierung
  • Das Durchschnittsergebnis liegt bei 27 aus 50
Antwortstatistiken
Staat Größte Stadt % Korrekt
Kalifornien Los Angeles
98%
New York New York City
97%
Illinois Chicago
88%
Texas Houston
86%
Massachusetts Boston
84%
Nevada Las Vegas
84%
Georgia Atlanta
83%
Arizona Phoenix
83%
Washington Seattle
83%
Colorado Denver
82%
Hawaii Honolulu
75%
Indiana Indianapolis
75%
Louisiana New Orleans
74%
Mississippi Jackson
73%
Pennsylvania Philadelphia
72%
Missouri Kansas City
71%
Michigan Detroit
69%
Utah Salt Lake City
68%
Tennessee Nashville
67%
Oklahoma Oklahoma City
67%
Maine Portland
67%
Oregon Portland
67%
Minnesota Minneapolis
63%
Florida Jacksonville
62%
Ohio Columbus
56%
Maryland Baltimore
53%
North Carolina Charlotte
53%
Idaho Boise
52%
Alaska Anchorage
51%
New Mexico Albuquerque
50%
Wisconsin Milwaukee
48%
Iowa Des Moines
42%
Arkansas Little Rock
42%
Nebraska Omaha
40%
Wyoming Cheyenne
39%
South Carolina Charleston
36%
West Virginia Charleston
36%
Kentucky Louisville
33%
Rhode Island Providence
33%
New Jersey Newark
28%
Kansas Wichita
28%
Virginia Virginia Beach
22%
Montana Billings
18%
South Dakota Sioux Falls
17%
North Dakota Fargo
14%
Delaware Wilmington
14%
Alabama Huntsville
10%
New Hampshire Manchester
10%
Vermont Burlington
7%
Connecticut Bridgeport
3%
Keine übereinstimmenden Quizze gefunden
Verteilung der Resultate
Anzahl Personen mit jedem Resultat
Perzentil nach korrekt beantworteten Fragen
Ihre Resultats-Entwicklung
Sie haben dieses Quiz seit der letzten Aktualisierung nicht gespielt